| 000 | 00299 a2200121 4500 | ||
|---|---|---|---|
| 001 | 63630 | ||
| 082 | _a629.1323 HOU | ||
| 090 |
_c37628 _d37628 |
||
| 100 | _aHoughton E.L | ||
| 245 |
_aAerodynamics for Engineering students _hEnglish |
||
| 260 |
_aLondon _bEdward Arnold _c1993 |
||
| 300 | _a458p | ||
| 942 |
_aNUST-CAE _k629.1323 HOU |
||
| 999 |
_c298703 _d298703 |
||